La técnica Pomodoro : (Record no. 198513)

MARC details
000 -LEADER
campo de control de longitud fija 01610nam a22004454c 4500
001 - NÚMERO DE CONTROL
campo de control 198513
003 - IDENTIFICADOR DE NÚMERO DE CONTROL
campo de control SpMaBN
005 - FECHA Y HORA DE LA ÚLTIMA TRANSACCIÓN
campo de control 20260624203405.0
008 - DATOS DE LONGITUD FIJA--INFORMACIÓN GENERAL
campo de control de longitud fija 260623s2020 sp d | |||| 000 0 spa
015 ## - NÚMERO DE BIBLIOGRAFÍA NACIONAL
Número de bibliografía nacional MON19
017 ## - NÚMERO DE COPYRIGHT O DE DEPÓSITO LEGAL
Número de copyright o de depósito legal B 26433-2019
Agencia que asigna Oficina Depósito Legal Barcelona
020 ## - NÚMERO INTERNACIONAL ESTÁNDAR DEL LIBRO
Número Internacional Estándar del Libro 9788449336492
035 ## - NÚMERO DE CONTROL DEL SISTEMA
Número de control de sistema (OCoLC)1163885308
035 ## - NÚMERO DE CONTROL DEL SISTEMA
Número de control de sistema (SpMaBN)a6690258
040 ## - FUENTE DE CATALOGACIÓN
Centro catalogador/agencia de origen SpMaBN
Lengua de catalogación spa
Centro/agencia transcriptor SpMaBN
Normas de descripción rda
080 ## - NÚMERO DE LA CLASIFICACIÓN DECIMAL UNIVERSAL
Número de la Clasificación Decimal Universal 005.962.11
100 1# - ENTRADA PRINCIPAL--NOMBRE DE PERSONA
Nombre de persona Cirillo, Francesco
Término indicativo de función/relación
Relación aut
9 (RLIN) 243270
240 14 - TÍTULO UNIFORME
Título uniforme The Pomodoro technique
Lenguaje de la obra Español
245 13 - MENCIÓN DEL TÍTULO
Título La técnica Pomodoro :
Resto del título el famoso método para gestionar el tiempo que ha cambiado la vida a 2 millones de personas
Mención de responsabilidad, etc. Francesco Cirillo ; traducción de Montserrat Asensio
250 ## - MENCION DE EDICION
Mención de edición 1a edición, enero de 2020
264 #1 - PRODUCCIÓN, PUBLICACIÓN, DISTRIBUCIÓN, FABRICACIÓN Y COPYRIGHT
Producción, publicación, distribución, fabricación y copyright Barcelona, España
Nombre del de productor, editor, distribuidor, fabricante Paidós,
Fecha de producción, publicación, distribución, fabricación o copyright [2020]
264 #4 - PRODUCCIÓN, PUBLICACIÓN, DISTRIBUCIÓN, FABRICACIÓN Y COPYRIGHT
Fecha de producción, publicación, distribución, fabricación o copyright ©2020
300 ## - DESCRIPCIÓN FÍSICA
Extensión 171 páginas
Otras características físicas gráficos (blanco y negro)
Dimensiones 24 cm
336 ## - TIPO DE CONTENIDO
Término de tipo de contenido Texto
Fuente rdacontent
337 ## - TIPO DE MEDIO
Nombre/término del tipo de medio sin mediación
Fuente rdamedia
338 ## - TIPO DE SOPORTE
Nombre/término del tipo de soporte volumen
Fuente rdacarrier
490 0# - MENCIÓN DE SERIE
Mención de serie Divulgación
500 ## - NOTA GENERAL
Nota general Registro Provisional. DJ-21. Depósito J
504 ## - NOTA DE BIBLIOGRAFÍA, ETC.
Nota de bibliografía, etc. Bibliografía: página 169
650 #7 - PUNTO DE ACCESO ADICIONAL DE MATERIA--TÉRMINO DE MATERIA
Término de materia o nombre geográfico como elemento de entrada Empleo del tiempo
Fuente del encabezamiento o término embne
9 (RLIN) 12205
700 1# - ENTRADA AGREGADA--NOMBRE PERSONAL
Nombre de persona Asensio Fernández, Montserrat
Término indicativo de función/relación
Relación trl
9 (RLIN) 243271
852 ## - LOCALIZACIÓN
Ubicación ES-MaACL
Ubicación en estantería Depósito J
Número de control de estantería DJ-21
Donativo/Legado Donación: José Lázaro García
Encuadernación Encuadernación rustica con solapas
Nota libre En Proceso
901 ## - NOMBRE PERSONAL DE POSESOR
a BC-BNE
901 ## - NOMBRE PERSONAL DE POSESOR
a MON2006
942 ## - ELEMENTOS DE ENTRADA SECUNDARIOS (KOHA)
Fuente del sistema de clasificación o colocación Clasificación decimal universal
Tipo de ítem Koha Libro impreso
Suprimir en OPAC No
956 ## - LOCALIZACIÓN Y ACCESO ELECTRÓNICOS LOCAL (OCLC)
Nombre del host 2

No items available.